| 000 | 00465nam a22001697a 4500 | ||
|---|---|---|---|
| 999 |
_c3746 _d3746 |
||
| 003 | GBCCL | ||
| 005 | 20241126110502.0 | ||
| 008 | 171206b xxu||||| |||| 00| 0 eng d | ||
| 020 | _a0-7607-0805-3 | ||
| 040 | _cgbc | ||
| 082 |
_a223.2 _bPSL |
||
| 245 |
_aBest-loved Psalms _cEdited by Clare Haworth-Maden |
||
| 260 |
_aNew York: _bBarnes & Noble Books, _c1998 |
||
| 300 |
_a80 p.; _bill., _c23 cm. |
||
| 650 | 0 | 0 |
_a.Bible _vOld Testament _xPsalms _97557 |
| 942 |
_2ddc _cBK |
||